000 00743nam a2200301Ia 4500
008 190123s9999 xx 000 0 und d
020 _a9780531185513
050 _bW636 2009
100 _aDiConsiglio, John
245 0 _aFrancisco Pizarro :
245 0 _bdestroyer of the Inca Empire /
245 0 _cby John DiConsiglio
260 _aNew York, New York :
260 _bScholastic,
260 _c2009
300 _a128 pages :
300 _bcolored illustrations ;
300 _c18cm.
440 _aA wicked history.
500 _a880L
650 _aConquerors.
650 _aConquest of Peru (1522-1548).
650 _aExplorers.
650 _aPeru.
650 _aSpain.
700 _aSeries.
700 _aTitle.
999 _c361182
_d361182